Answer the questions - A - Statistics

General Stats
  • This quiz has been taken 15 times
  • The average score is 9 of 10
Answer Stats
Hint Answer % Correct
In asia Afghanistan | Armenia | Azerbaijan
100%
No airports Andorra
100%
Has blue on their flag Argentina | Australia | Azerbaijan | Armenia | Andorra | Antigua and Barbuda
100%
Landlocked Armenia | Azerbaijan | Austria | Afghanistan | Andorra
100%
Second letter of name is "U" Australia | Austria
100%
6 or less letters in name Angola
92%
Over a million square kilometers Angola | Argentina | Algeria | Australia
92%
Name ends with "N" Azerbaijan | Afghanistan
92%
Tricolor flag Afghanistan | Armenia | Azerbaijan | Austria | Andorra | Argentina
85%
Which country wasn't an answer in the 9 questions? Albania
77%
No matching quizzes found
Score Distribution
Percent of People with Each Score
Percentile by Number Answered
Your Score History
You have not taken this quiz